000 00837 a2200217 4500
003 Nust
005 20221007164000.0
010 _a 2009360635
020 _a9789698535056
040 _cNust
082 _a658,KHA
100 1 _aKhan, Nawar.
245 1 0 _aTotal quality management :
_bconcepts, tools, systems and awards /
_cNawar Khan.
250 _a1st ed.
260 _aRawalpindi :
_bNust Publishing,
_c2008.
300 _a304 p. :
_bill. ;
_c26 cm.
505 _aThe TQM Philosophies and Concepts (Page-3), The TQM Tools And Techniques (Page-73), Quality Management Systems (Page-133), The TQM Award Models (Page-197), Self Assessment Practice With A TQM Model (Page-238).
650 _aTotal quality management
710 2 _aNational University of Sciences and Technology (Isl塭塢塤, Pakistan)
_999511
942 _2ddc
_cBK
999 _c178944
_d178944